Statistiques concernant Devinez le Département Mystère #100

Cliquez ici pour prendre le quiz!

Statistiques générales

  • Ce quiz a été pris 120 fois
  • Le résultat moyen est 29 sur 31

Statistiques - réponses

Type de RéponseRéponse% Correct
Lettre de l'AlphabetE
99%
Lettre de l'AlphabetI
99%
Lettre de l'AlphabetN
99%
Lettre de l'AlphabetO
99%
Lettre de l'AlphabetS
99%
Lettre TrouvéeA
98%
Lettre TrouvéeR
98%
Lettre TrouvéeD
97%
Lettre de l'AlphabetU
97%
Lettre de l'AlphabetT
96%
Lettre de l'AlphabetL
95%
Lettre de l'AlphabetB
94%
Lettre de l'AlphabetH
94%
Lettre de l'AlphabetM
94%
Lettre de l'AlphabetC
93%
Lettre TrouvéeG
93%
Lettre de l'AlphabetV
93%
Lettre Bien PlacéeG
92%
Lettre de l'AlphabetP
92%
Lettre de l'AlphabetQ
92%
Lettre Bien PlacéeR
92%
Lettre de l'AlphabetX
92%
Lettre de l'AlphabetY
92%
Lettre Bien PlacéeA
91%
Lettre Bien PlacéeD
91%
Lettre de l'AlphabetF
91%
Département MystèreGard
91%
Lettre de l'AlphabetJ
91%
Lettre de l'AlphabetK
91%
Lettre de l'AlphabetW
91%
Lettre de l'AlphabetZ
91%

Distribution des résultats

Percentile par nombre de réponses

% des personnes avec chaque résultat

Votre développement - résultats

Vous n’avez pas pris ce quiz